000 00671nas a2200229 4500
001 BR9506864
003 BR-BrBNA
005 20231205094228.0
007 ta
008 230509b bl.|||p| |||| 00| 00por d
040 _aBR-BrBNA
_bpor
_cBiblioteca Nacional de Agricultura
041 _a(Pt)
072 _aF01
100 1 _aCoimbra Filho, A.F.
245 1 _aContribuicao para o estudo do desenvolvimento inicial da peroba de campos
650 _aPeroba
650 _aGerminacao
650 _aPratica Cultural
773 0 _tAgronomia (Brazil)
_x
_g(Jul-Sep 1951), v. 10(3) p. 187-192
_wBR9506864
909 _a202311
_bLúcia
_c55
_dLúcia Elande
942 _2AGRIS
_n0
_cANA
999 _c142945
_d142945